| 000 | 00000nam##2200000za#4500 |
| 001 | 9.675903 |
| 003 | CaOODSP |
| 005 | 20210624225506 |
| 007 | cr ||||||||||| |
| 008 | 150407|1997||||xxc|||||o f|0| 0 eng|d |
| 040 | |aCaOODSP|beng |
| 041 | |aeng |
| 041 | |afre |
| 043 | |an-cn--- |
| 086 | 1 |aCS95-181/1997-PDF |
| 245 | 00|aAgricultural profile of British Columbia |h[electronic resource] |
| 246 | 1 |iSeries title also given on publication as : |aAgriculture 96 Census |
| 260 | |aOttawa - Ontario : |bStatistics Canada. |c1997. |
| 500 | |aHistorical census publication digitized by Statistics Canada. |
| 590 | |a12-44-Supp|b2012-12-13 |
| 690 | 07|aAgriculture statistics|2gcpds |
| 690 | 07|aCensus|2gcpds |
| 710 | 1 |aCanada. |bStatistics Canada. |bAgriculture Division. |
| 792 | |tProfil agricole de la Colombie-Britannique |efre|w(CaOODSP)9.675904 |
| 856 | 40|ahttp://publications.gc.ca|qPDF|s7.6 MB|uhttps://publications.gc.ca/collections/collection_2012/statcan/rh-hc/CS95-181-1997.pdf |